| 000 | 00977cam a22003011 4500 | ||
|---|---|---|---|
| 001 | 3952 | ||
| 003 | BD-RjUL | ||
| 005 | 20211208233816.0 | ||
| 008 | 790208s1934 enk b 000 0deng | ||
| 035 | _a(BD-RjUL)3986 | ||
| 035 | _a(OCoLC)4629937 | ||
| 040 |
_aDLC _cMiRochOU _dOCoLC _dDLC _beng |
||
| 041 | _aeng | ||
| 051 |
_aHB105.P8 _bB7 Copy 2 _cCopy 2. Gift of Paul Avrich, Aug. 26, 1986. Dust jacket. |
||
| 082 |
_a923.344 _216 _bBRP 1934 |
||
| 100 | 1 |
_aBrogan, D. W. _q(Denis William), _d1900-1974. _912588 |
|
| 245 | 1 | 0 |
_aProudhon / _cD. W. Brogan. |
| 260 |
_aLondon : _bH. Hamilton, _c1934 |
||
| 300 |
_a3 p. l., 9-94 p., 1 l. _c19 cm. |
||
| 490 | 0 | _aMakers of the new world | |
| 504 | _a"Chief works of Proudhon": p. [95] | ||
| 526 | _bSocial Science | ||
| 600 | 1 | 0 |
_aProudhon, P.-J. _q(Pierre-Joseph), _d1809-1865. _912590 |
| 710 | 2 |
_aPaul Avrich Collection (Library of Congress) _5DLC _911205 |
|
| 942 |
_2ddc _cBK |
||
| 999 |
_c3952 _d3952 |
||